000 00476nam a2200157Ia 4500
008 160316s1981 xxu||||| |||| 00| 0 eng d
082 _a344.000000
_bDEN
100 _aDentler Robert A
245 _aSchools on trial : An inside account of the Boston desegregation case
250 _a
260 _aCambridge
_bAbt Books
_c1981
300 _a244p
_b
_cxiv
365 _bGratis
650 _a1.Descrimination in Education - Law - Legislation - U S A
700 _aScott Marvin B
_a
999 _c7799
_d7799